Score 0/15 Timer 02:30
0 Plays Today
Population Country % Correct
11275United Kingdom
95.9%
2830China
95.9%
7375United States of America
93.9%
2225India
91.8%
610France
87.8%
2600Germany
83.7%
1150Syria
73.5%
615Pakistan
73.5%
Population Country % Correct
1370Lebanon
69.4%
870South Korea
67.3%
630Poland
67.3%
2570Philippines
65.3%
1645Netherlands
65.3%
970Iran
65.3%
770Egypt
46.9%
Remove Ads.
Support Sporcle.
Get the best of Sporcle when you Go Orange. This ad-free experience offers more features, more stats, and more fun while also helping to support Sporcle. Thank you for becoming a member.

You're not logged in!

Compare scores with friends on all Sporcle quizzes.
OR
Log In

Show Comments

Extras

Top Quizzes Today


Score Distribution

Your Account Isn't Verified!

In order to create a playlist on Sporcle, you need to verify the email address you used during registration. Go to your Sporcle Settings to finish the process.

Report this User

Report this user for behavior that violates our Community Guidelines.

Details: